Animals by Their Scientific Name - Statistics

General Stats
  • This quiz has been taken 166 times
  • The average score is 12 of 20
Answer Stats
Scientific Name Animal % Correct
Felis catus Cat
99%
Homo sapiens Human
98%
Canis lupus familiaris Dog
93%
Equus caballus Horse
90%
Canis lupus Wolf
88%
Bos taurus Cow
85%
Vulpes vulpes Fox
72%
Gallus gallus domesticus Chicken
68%
Ovis aries Sheep
65%
Sus scrofa domesticus Pig
63%
Formicidae Ant
55%
Cervidae Deer
48%
Loxodonta Elephant
37%
Chiroptera Bat
35%
Procyon lotor Raccoon
34%
Selachimorpha Shark
32%
Testudines Turtle
31%
Lacertilia Lizard
29%
Pavo cristatus Peacock
25%
Coccinellidae Ladybug
20%
No matching quizzes found
Score Distribution
Percent of People with Each Score
Percentile by Number Answered
Your Score History
You have not taken this quiz